000 00248nam a2200109Ia 4500
008 170627s9999 xx 000 0 und d
100 _aANTHONY- ROBERT N.
245 0 _aACCOUNTING TEXT AND CASES
260 _bTMH
260 _c2004
546 _aENGLISH
690 _aACCOUNTING
999 _c35323
_d35323